000 00750cas a22002295a 4500
001 ##L103966
008 000202c1999 xxkqr p 0 a0eng d
022 1 _a1754-9159 (Print)
022 1 _a1754-9167 (Online)
035 _a(Sirsi) u103966
041 0 _aeng
110 2 _aRoyal Institution of Chartered Surveyors
_bArts and Antiques Faculty
_94552
245 0 4 _aThe Journal
_bRICS Arts Surveyor
260 3 _aLondon
_bRICS
_c1999-
362 _aLondon: (1) Autumn 1999-
362 0 _aEdinburgh: May 2006-
554 _aFour per year
651 4 _aUnited Kingdom
_y
690 _aArts and antiques
_96217
856 4 1 _http://www.rics.org/site/scripts/documents.aspx?categoryID=312
_zView the journal at www.rics.org/journals...
942 _n0
999 _c118717
_d118717